[Event "Open A"]
[Site "Zadar CRO"]
[Date "2007.12.20"]
[Round "7"]
[White "Zufic,M"]
[Black "Plenkovic,Z"]
[Result "0-1"]
[WhiteElo "2452"]
[BlackElo "2347"]

1.e4 d5 2.exd5 Qxd5 3.Nc3 Qd8 4.d4 Nf6 5.Nf3 c6 6.Bc4 b5 7.Bb3 e6 8.Bg5 Be7
9.O-O a5 10.a4 b4 11.Ne2 O-O 12.Ne5 c5 13.c3 bxc3 14.bxc3 Bb7 15.Nf4 Ra6
16.Re1 Nbd7 17.Rb1 Ne4 18.Bxe7 Qxe7 19.Nxd7 Qxd7 20.Qd3 Rd6 21.f3 Nf6 22.Bc2 Ba6
23.Qe3 cxd4 24.cxd4 Rxd4 25.Red1 Rxd1+ 26.Rxd1 Qc6 27.Bb3 Bb7 28.Rc1 Qd6
29.Nd3 h6 30.Ne5 Bd5 31.Bxd5 Nxd5 32.Qd4 Qb4 33.Qa1 Nb6 34.Nc6 Qxa4 35.Qxa4 Nxa4
36.Nxa5 g5 37.Nc6 Nb6 38.Ne5 Nd5 39.Rb1 Rc8 40.Rb2 Rc7 41.Kf2 Kg7 42.Nd3 h5
43.Nb4 Rb7 44.Nd3 Ra7 45.g3 f6 46.Nc5 Kf7 47.Re2 Re7 48.Rb2 Rc7 49.Ne4 Kg6
50.Nd2 Rc3 51.Ne4 Rc6 52.Nd2 g4 53.Ne4 Rc4 54.Nd2 Rc3 55.f4 h4 56.Ra2 h3
57.Ra1 Kf5 58.Ke2 Rc2 59.Kd3 Nb4+ 60.Ke2 Nd5 61.Kd3 Rc3+ 62.Ke2 Re3+ 63.Kf2 Rd3
64.Ke2 Rc3 65.Kf2 e5 66.fxe5 fxe5 67.Ke2 e4 68.Ra5 Ke5 69.Ra8 Re3+ 70.Kf2 Kd4
71.Ra4+ Kd3 72.Nc4 Re2+ 73.Kf1 Rxh2 74.Ne5+ Kc3 75.Rxe4 Rd2 76.Kg1 Nf6 77.Rf4 Re2
78.Nxg4 Rg2+ 79.Kf1 Nh5 80.Rf3+ Kd4 81.Nf2 Nxg3+ 82.Ke1 h2 83.Rd3+ Kc4 84.Rd1 Kc3
85.Rc1+ Kb3 86.Rd1 Kb2 87.Nd3+ Ka2 88.Nf2 Ne4  0-1

[Event "Abierto"]
[Site "Pamplona ESP"]
[Date "2007.12.26"]
[Round "6"]
[White "Llaneza Vega,M"]
[Black "Calzetta,M"]
[Result "1-0"]
[WhiteElo "2426"]
[BlackElo "2287"]

1.e4 d5 2.exd5 Qxd5 3.Nc3 Qd6 4.d4 Nf6 5.Nf3 c6 6.Ne5 Nbd7 7.Bf4 Nd5 8.Nxd5 Qxd5
9.Be2 Nxe5 10.dxe5 Qxg2 11.Bf3 Qh3 12.Qe2 g6 13.O-O-O Bh6 14.Bxh6 Qxh6+ 15.Kb1 Bh3
16.Bg4 e6 17.Bxh3 Qxh3 18.Rd3 Qg2 19.Re1 Rd8 20.Rxd8+ Kxd8 21.Qe3 Kc7 22.Qf4 Rd8
23.Qxf7+ Rd7 24.Qxe6 Qxf2 25.Rc1 Qxh2 26.Qf6 a6 27.b3 Qg3 28.Rf1 Qc3 29.Qf4 Re7
30.e6+ Kb6 31.Qe4 Qc5 32.Rd1 g5 33.Rd3 h5 34.b4 Qf2 35.Qe5 h4 36.Rd7 Rxd7
37.exd7 Qf8 38.d8=Q+  1-0

[Event "Premier"]
[Site "Hastings ENG"]
[Date "2007.12.29"]
[Round "2"]
[White "Dinger,F"]
[Black "Calvert,D"]
[Result "1-0"]
[WhiteElo "2378"]
[BlackElo "2058"]

1.e4 d5 2.exd5 Qxd5 3.Nc3 Qd6 4.d4 Nf6 5.Nf3 a6 6.g3 Bg4 7.Bg2 Nc6 8.O-O O-O-O
9.d5 Ne5 10.Bf4 Nxf3+ 11.Bxf3 Qd7 12.Bxg4 Qxg4 13.Qxg4+ Nxg4 14.Rad1 h6 15.h3 Nf6
16.Be5 e6 17.dxe6 Rxd1 18.Rxd1 fxe6 19.Re1 Kd7 20.Ne4 Be7 21.Kg2 Rg8 22.b3 Nxe4
23.Rxe4 Bf6 24.Bxf6 gxf6 25.Rh4 Rg6 26.Kf3 f5 27.Rd4+ Ke7 28.Kf4 Kf6 29.Rd8 e5+
30.Kf3 Ke7 31.Rh8 Rc6 32.Rh7+ Kf8 33.c4 b5 34.cxb5 axb5 35.g4 Kg8 36.Re7 Rc3+
37.Kg2 fxg4 38.hxg4 Rc5 39.Kf3 c6 40.Re6 Kg7 41.Ke3 Rc2 42.Rxe5 Rxa2 43.Rc5 Rb2
44.Rxc6 Rxb3+ 45.Ke4 Rb1 46.Kf5 b4 47.Rc7+ Kf8 48.Rb7 b3 49.f4 b2 50.Kf6 Ke8
51.f5 Rg1 52.Rxb2 Rxg4 53.Rb8+ Kd7 54.Rh8 Rf4 55.Rxh6 Rf1 56.Rh7+ Ke8 57.Rh8+ Kd7
58.Rf8 Rf2 59.Kg7 Ke7 60.f6+ Kd7 61.Kf7 Rf1 62.Ra8 Rf2 63.Ra1 Rf3 64.Rd1+ Kc6
65.Ke7  1-0

[Event "Abierto"]
[Site "Pamplona ESP"]
[Date "2007.12.29"]
[Round "9"]
[White "Sanchez Romero,M"]
[Black "Mellado Trivino,J"]
[Result "1/2-1/2"]
[WhiteElo "2252"]
[BlackElo "2410"]

1.e4 d5 2.exd5 Qxd5 3.Nc3 Qd6 4.d4 Nf6 5.Nf3 a6 6.g3 b5 7.Bg2 Bb7 8.O-O Nbd7
9.Bf4 Qb6 10.a4 e6 11.a5 Qa7 12.Bxc7 Rc8 13.Bf4 Bb4 14.Ne2 Qa8 15.Nc1 O-O
16.Nd3 Be7 17.Qe2 b4 18.Rfc1 Bd5 19.Nfe1 Rc4 20.Ne5 Nxe5 21.Bxe5 Rfc8 22.Bf1 Qb7
23.Ng2 Nd7 24.Ne3 Bf3 25.Qxc4 Rxc4 26.Nxc4 g5 27.Bd6 Bxd6 28.Nxd6 Qd5 29.Nc4 Qxd4
30.c3 bxc3 31.Rxc3 g4 32.Rd3 Qa7 33.Rd6 Ba8 34.Nb6 Nxb6 35.Rxb6 Bd5 36.Rxa6 Qd4
37.Rd6 Qxb2 38.Re1 Qa3 39.Rd8+ Kg7 40.a6 Bc6 41.Bg2 Bxg2 42.Kxg2 Qxa6 43.Red1 h5
44.h4 gxh3+ 45.Kxh3 Qe2 46.Kg2 Qe4+ 47.Kg1 e5 48.R8d3 Qg4 49.Re1 f6 50.Kh2 Qc4
51.Rde3 h4 52.gxh4 Qxh4+ 53.Kg2 Kf7 54.Kg1 Ke6 55.Kg2 Qd4 56.Re4 Qd5 57.Kg3 Kf5
58.R4e3 Qd4 59.Rf3+ Kg5 60.Rfe3 Qg4+ 61.Kh2 Kf5 62.Rg3 Qb4 63.Rge3 Kf4 64.Kg2 Qb7+
65.Kg1 Qa8 66.Rg3 e4  1/2-1/2

[Event "Weihnachtsopen Meister"]
[Site "Zurich SUI"]
[Date "2007.12.29"]
[Round "5"]
[White "Hugentobler,P"]
[Black "Arbinger,R"]
[Result "1-0"]
[WhiteElo "2277"]
[BlackElo "2129"]

1.e4 d5 2.exd5 Qxd5 3.Nc3 Qd6 4.d4 c6 5.Nf3 Bg4 6.Be3 Nf6 7.h3 Bh5 8.Bd3 e6
9.Qe2 Nbd7 10.O-O-O O-O-O 11.g4 Bg6 12.Bxg6 hxg6 13.Ne5 Nxe5 14.dxe5  1-0

[Event "Weihnachtsopen Meister"]
[Site "Zurich SUI"]
[Date "2007.12.29"]
[Round "5"]
[White "Jenni,F"]
[Black "Benkovic,P"]
[Result "1-0"]
[WhiteElo "2511"]
[BlackElo "2469"]

1.e4 d5 2.exd5 Qxd5 3.Nc3 Qd6 4.d4 Nf6 5.Nf3 a6 6.g3 Bg4 7.Bg2 c6 8.O-O e6
9.Bf4 Qd8 10.h3 Bxf3 11.Qxf3 Qxd4 12.Rfd1 Qb6 13.g4 h6 14.Na4 Qb5 15.b3 Nbd7
16.Rd2 Be7 17.Rad1 Rc8 18.Nb2 e5 19.a4 Qc5 20.Bg3 Rd8 21.Qe2 O-O 22.Nd3 Qa5
23.Nxe5 Nxe5 24.Rxd8 Rxd8 25.Rxd8+ Qxd8 26.Qxe5 Ne8 27.Qb8 Qxb8 28.Bxb8 Bd6
29.Ba7 Kf8 30.Kf1 Ke7 31.Bd4 Ke6 32.Ke2 Be5 33.Be3 g5 34.h4 f6 35.hxg5 hxg5
36.Kd3 Nd6 37.c4 Nc8 38.b4 Bd6 39.Bd2 Ne7 40.c5 Be5 41.Kc4 Kd7 42.Be4 Kc7
43.Bc2 Kd7 44.Bb3 Kc7 45.Kd3 Kd7 46.Bf7 Bb2 47.Ke4 Ba1 48.f3 Bb2 49.Kd3 Be5
50.Be1 Ba1 51.Bg3 Bb2 52.Kc4 Ba1 53.f4 gxf4 54.Bxf4 Bb2 55.Bd2 Be5 56.Bc1 Ba1
57.Bh6 Nc8 58.Bg7 b5+ 59.Kb3 Ne7 60.Bh8 bxa4+ 61.Kxa4 Bd4 62.g5 Nf5 63.gxf6 Nh6
64.Bc4 Be5 65.Ka5 Kc7 66.Kxa6 Kd7 67.Kb7  1-0

[Event "CERRADO GM"]
[Site "Mondariz-Balneario ESP"]
[Date "2007.12.30"]
[Round "5"]
[White "Larino Nieto,D"]
[Black "Hernando Rodrigo,Jo"]
[Result "1-0"]
[WhiteElo "2428"]
[BlackElo "2359"]

1.e4 d5 2.exd5 Qxd5 3.Nc3 Qd6 4.d4 Nf6 5.Nf3 a6 6.g3 Bg4 7.Bg2 Nc6 8.O-O O-O-O
9.d5 Ne5 10.Bf4 Nxf3+ 11.Bxf3 Bxf3 12.Qxf3 e5 13.dxe6 Qxe6 14.Rfe1 Qf5 15.Re5 Qh3
16.Bg5 Bd6 17.Bxf6 gxf6 18.Rf5 Be5 19.Ne4 h5 20.Re1 h4 21.Nc5 c6 22.Rfxe5 fxe5
23.Qxf7 Rd2 24.Qxb7+ Kd8 25.Qb8+ Qc8 26.Qxe5  1-0

[Event "Premier"]
[Site "Hastings ENG"]
[Date "2007.12.31"]
[Round "4"]
[White "Jain,A2"]
[Black "Calvert,D"]
[Result "1-0"]
[WhiteElo "2000"]
[BlackElo "2058"]

1.e4 d5 2.exd5 Qxd5 3.Nc3 Qd6 4.d4 Nf6 5.Nf3 a6 6.g3 Bg4 7.Bg2 Nc6 8.O-O O-O-O
9.h3 Bh5 10.Bf4 Qb4 11.g4 Bg6 12.a3 Qc4 13.Ne5 Qxd4 14.Nxc6 bxc6 15.Qf3 Nd5
16.Nxd5 cxd5 17.Rfd1 Qa7 18.Rxd5 Rxd5 19.Qxd5 e6 20.Qc6 Bc5 21.Rd1 Bxf2+
22.Kh1 Rd8 23.Qb7+ Qxb7 24.Bxb7+ Kxb7 25.Rxd8 Bxc2 26.Rd7 Bg6 27.Rxc7+ Kb6
28.Rd7 Bh4 29.g5 f6 30.Rd6+ Kb7 31.Rxe6 fxg5 32.Be3 Bf5 33.Rb6+ Kc7 34.Rxa6 Bxh3
35.Ra7+ Kc6 36.Rxg7 g4 37.Rxh7 Bg3 38.Kg1 Be5 39.b4 Kd5 40.b5 Ke4 41.b6 Kxe3
42.Re7  1-0

[Event "37th Rilton Cup"]
[Site "Stockholm SWE"]
[Date "2007.12.31"]
[Round "5"]
[White "Ask,J"]
[Black "Stjazhkina,O"]
[Result "1-0"]
[WhiteElo "2235"]
[BlackElo "2315"]

1.e4 d5 2.exd5 Qxd5 3.Nc3 Qd6 4.d4 Nf6 5.Bc4 a6 6.Nf3 Bf5 7.Qe2 Nc6 8.Be3 e6
9.O-O-O Nb4 10.Bb3 O-O-O 11.Ne5 Qe7 12.g4 Be4 13.Nxe4 Nxe4 14.Qf3 Nd6 15.a3 Nd5
16.Bxd5 exd5 17.Qxd5 f6 18.Nf3 g6 19.Rhe1 Nf5 20.Qb3 Nxe3 21.Rxe3 Qd7 22.Re6 Bd6
23.Rde1 Qg7 24.Kb1 h5 25.gxh5 Rxh5 26.Re8 Rh8 27.Qe6+ Kb8 28.Rxd8+ Rxd8 29.Rg1 Rh8
30.h4 Ka7 31.Qe4 Rg8 32.c4 c6 33.h5 g5 34.Nh4 Qd7 35.Nf5 Re8 36.Qd3 Bf4 37.Rd1 Kb8
38.f3 Ka8 39.h6 Kb8 40.Qc2 Ka8 41.Rh1 Qh7 42.Ng7 Rh8 43.Qxh7 Rxh7 44.Nf5 Kb8
45.Kc2 Kc7 46.Kd3 Kd7 47.Ke4 Ke6 48.d5+ cxd5+ 49.cxd5+ Kf7 50.d6 Rh8 51.Kd5 Re8
52.h7 Rh8 53.d7 Bc7 54.Rc1 Bd8 55.Rc8  1-0

[Event "Premier"]
[Site "Hastings ENG"]
[Date "2008.01.02"]
[Round "6"]
[White "Cohen,R"]
[Black "Calvert,D"]
[Result "1/2-1/2"]
[WhiteElo "1967"]
[BlackElo "2058"]

1.e4 d5 2.exd5 Qxd5 3.Nc3 Qd6 4.d4 Nf6 5.Nf3 a6 6.g3 Bg4 7.Bg2 Nc6 8.Bf4 Qb4
9.Qd3 O-O-O 10.O-O-O e6 11.Ne2 Bf5 12.Qb3 Ne4 13.Rhf1 Be7 14.Be3 g5 15.Ne5 Nxe5
16.Qxb4 Bxb4 17.dxe5 Be7 18.a3 h5 19.b4 g4 20.f4 gxf3 21.Bxf3 Ng5 22.Rxd8+ Bxd8
23.Bg2 h4 24.Kb2 hxg3 25.hxg3 Rh2 26.Rf2 Ne4 27.Bxe4 Rxf2 28.Bxb7+ Kxb7 29.Bxf2 f6
30.Bd4 fxe5 31.Bxe5 Be7 32.Nd4 Bg4 33.Nb3 Bd6 34.Bf4 e5 35.Be3 Kc6 36.c4 Kd7
37.Nd2 Ke6 38.Kc3 Kf5 39.Kd3 Be7 40.c5 Bd1 41.Kc4 c6 42.Kd3 Ba4 43.Ke2 Kg4
44.Kf2 Bc2 45.Nc4 Bf6 46.Bc1 Bd3 47.Ne3+ Kh5 48.Bb2 Kg5 49.Ke1 Bg7 50.Kd2 Bb5  1/2-1/2

[Event "50th It"]
[Site "Reggio Emilia ITA"]
[Date "2008.01.02"]
[Round "5"]
[White "Ni Hua"]
[Black "Tiviakov,S"]
[Result "1-0"]
[WhiteElo "2641"]
[BlackElo "2643"]

1.e4 d5 2.exd5 Qxd5 3.Nc3 Qd6 4.d4 Nf6 5.Nf3 c6 6.Ne5 Nbd7 7.Bf4 Nd5 8.Nxd5 Qxd5
9.Nf3 Nf6 10.Be2 Bg4 11.O-O e6 12.h3 Bxf3 13.Bxf3 Qd7 14.c4 Bd6 15.Bg5 Be7
16.Qb3 O-O 17.Rfd1 Rfd8 18.Bf4 a5 19.a3 a4 20.Qc2 Bd6 21.Bg5 Qe7 22.Rd3 h6
23.Bd2 Ra6 24.Re1 Bc7 25.Bb4 Qd7 26.Red1 Bd6 27.Bc3 Qc7 28.d5 cxd5 29.cxd5 e5
30.Re3 Raa8 31.Qf5 Re8 32.Rde1 Nd7 33.Bh5 Nf8 34.Rg3 Re7 35.Re4 Ra6 36.Rxg7+ Kxg7
37.Rg4+ Ng6 38.Bxg6 Kf8 39.Bh7 Rd7 40.Rg8+ Ke7 41.Bg6  1-0

[Event "50th It"]
[Site "Reggio Emilia ITA"]
[Date "2008.01.04"]
[Round "7"]
[White "Gashimov,V"]
[Black "Tiviakov,S"]
[Result "1-0"]
[WhiteElo "2664"]
[BlackElo "2643"]

1.e4 d5 2.exd5 Qxd5 3.Nc3 Qd6 4.d4 Nf6 5.Nf3 c6 6.Ne5 Nbd7 7.Bf4 Nd5 8.Nxd5 Nxe5
9.Ne3 Nd3+ 10.Qxd3 Qxf4 11.d5 cxd5 12.Qxd5 e6 13.Bb5+ Ke7 14.Qd2 Qd6 15.Qe2 Kf6
16.Qf3+ Ke7 17.Qe2 Kf6 18.Qf3+ Ke7 19.O-O Qc5 20.Ba4 g6 21.Rfe1 Bg7 22.Rad1 Bxb2
23.c3 f5 24.Rb1 Ba3 25.Rb5 Qc6 26.Qg3 Bd7 27.Nxf5+ Kd8 28.Rb4 Qc7 29.Qh4+ Kc8
30.Bxd7+ Kxd7 31.Qe7+  1-0

[Event "Homenaje a los Hermanos Ingolotti"]
[Site "Ciudad del Este PAR"]
[Date "2008.01.05"]
[Round "3"]
[White "Cubas,Jo"]
[Black "Patriarca,L"]
[Result "1/2-1/2"]
[WhiteElo "2451"]
[BlackElo "2314"]

1.e4 d5 2.exd5 Qxd5 3.Nc3 Qd6 4.d4 Nf6 5.Bc4 a6 6.Nf3 b5 7.Bb3 c5 8.dxc5 Qxd1+
9.Nxd1 e6 10.O-O Bxc5 11.Re1 O-O 12.a4 Bb7 13.Ne5 Nc6 14.Nd3 Bb6 15.axb5  1/2-1/2

[Event "XXXIII Open"]
[Site "Sevilla ESP"]
[Date "2008.01.05"]
[Round "1"]
[White "Fernandez Calzada,J"]
[Black "Epishin,V"]
[Result "0-1"]
[WhiteElo "1925"]
[BlackElo "2577"]

1.e4 d5 2.exd5 Qxd5 3.Nc3 Qd6 4.d4 Nf6 5.Nge2 c6 6.Bf4 Qb4 7.Qc1 Nbd7 8.a3 Qb6
9.b4 a5 10.Na4 Qa7 11.bxa5 Qxa5+ 12.Nac3 e5 13.dxe5 Ne4 14.e6 Ndf6 15.exf7+ Kxf7
16.Bd2 Nxd2 17.Qxd2 Bc5 18.Nb1 Bxf2+  0-1

[Event "37th Rilton Cup"]
[Site "Stockholm SWE"]
[Date "2008.01.05"]
[Round "9"]
[White "Lindberg,Be"]
[Black "Cicak,S"]
[Result "1-0"]
[WhiteElo "2439"]
[BlackElo "2569"]

1.e4 d5 2.exd5 Qxd5 3.Nc3 Qd6 4.d4 c6 5.Be3 Nf6 6.Qd2 Bf5 7.O-O-O e6 8.Nf3 Nbd7
9.Nh4 Bg6 10.Nxg6 hxg6 11.Bf4 Qb4 12.a3 Qa5 13.Kb1 Qd8 14.Bd3 Be7 15.Ne4 Nxe4
16.Bxe4 Nf6 17.Bf3 Bd6 18.h4 Qc7 19.Bxd6 Qxd6 20.Qa5 O-O 21.Qg5 Rfd8 22.c4 Kf8
23.h5 gxh5 24.Bxh5 b5 25.cxb5 Rab8 26.Be2 cxb5 27.Rh8+ Ng8 28.Bd3 f6 29.Qg6 f5
30.g4 fxg4 31.Rdh1  1-0

[Event "XXXIII Open"]
[Site "Sevilla ESP"]
[Date "2008.01.07"]
[Round "3"]
[White "Teran Alvarez,I"]
[Black "Epishin,V"]
[Result "1/2-1/2"]
[WhiteElo "2404"]
[BlackElo "2577"]

1.e4 d5 2.exd5 Qxd5 3.Nc3 Qd6 4.d4 Nf6 5.Nf3 Bg4 6.h3 Bxf3 7.Qxf3 c6 8.Be3 Nd5
9.Bc4 e6 10.O-O Be7 11.Ne4 Qc7 12.Bb3  1/2-1/2

[Event "ASEAN Masters Circuit WIM"]
[Site "Tarakan INA"]
[Date "2008.01.08"]
[Round "1"]
[White "Verdiana,N"]
[Black "Handoko,E"]
[Result "0-1"]
[WhiteElo "1890"]
[BlackElo "2437"]

1.e4 d5 2.exd5 Qxd5 3.Nc3 Qd6 4.d4 Nf6 5.Nf3 Bg4 6.Be2 c6 7.Bg5 Nbd7 8.Qd2 e6
9.Bf4 Qb4 10.O-O Bd6 11.a3 Bxf4 12.axb4 Bxd2 13.Nxd2 Bxe2 14.Nxe2 Nd5 15.c3 Ke7
16.Ne4 a6 17.f4 g6 18.Nc1 Rab8 19.Nd3 Rhd8 20.Rae1 N7f6 21.Nxf6 Kxf6 22.Nc5 h6
23.Re5 Kg7 24.g4 Nf6 25.h3 Nd7 26.Nxd7 Rxd7 27.f5 exf5 28.gxf5 g5 29.Kg2 Kf6
30.Kf3 Rg8 31.Kg4 h5+ 32.Kf3 g4+ 33.hxg4 Rxg4 34.Rh1 Rg5 35.Kf4 Rd5 36.Rh4 Rxf5+
37.Rxf5+ Rxf5+ 38.Ke4 Rg5 39.Kf4 Kg6 40.c4 f6 41.Rh1 Rg4+ 42.Ke3 h4 43.Kd3 Kf5
44.Rf1+ Rf4 45.Rh1 Rg4 46.Rf1+ Ke6 47.Re1+ Kd6 48.Rf1 Rg3+ 49.Ke4 Ke6 50.d5+ cxd5+
51.cxd5+ Ke7 52.Kd4 h3 53.Rh1 Rg4+ 54.Kc5 Rh4 55.b5 axb5 56.Kxb5 Kd6 57.Rh2 Kxd5
58.Kb6 Rb4+ 59.Kc7 Rb3 60.Kd7 Ke5  0-1

[Event "ch-Reykjavik"]
[Site "Reykjavik ISL"]
[Date "2008.01.09"]
[Round "2"]
[White "Finnbogadottir,T"]
[Black "Petursson,Mat"]
[Result "1/2-1/2"]
[WhiteElo "1658"]
[BlackElo "1902"]

1.e4 d5 2.exd5 Qxd5 3.Nc3 Qd6 4.Nf3 Nf6 5.h3 a6 6.Bc4 b5 7.Bb3 Bb7 8.O-O c5
9.d3 e6 10.Bg5 Be7 11.Re1 O-O 12.Ne5 Nc6 13.Nxf7 Rxf7 14.Bxe6 Ne5 15.Bxf7+ Nxf7
16.Bxf6 Bxf6 17.Ne4 Qc6 18.Nxf6+ Qxf6 19.Re3 Nd6 20.Qe2 Qg6 21.Rg3 Qf6 22.Re3 Qg6
23.Rg3 Qf7 24.Qe5 Nf5 25.Rg4 Rf8 26.Qxc5 Rc8 27.Qe5 Rxc2  1/2-1/2

[Event "Masters"]
[Site "Liege BEL"]
[Date "2008.01.10"]
[Round "7"]
[White "Hautot,S"]
[Black "Pytel,K"]
[Result "1-0"]
[WhiteElo "2336"]
[BlackElo "2413"]

1.e4 d5 2.exd5 Qxd5 3.Nc3 Qd6 4.d4 Nf6 5.Nf3 c6 6.Ne5 Nbd7 7.Bf4 Nd5 8.Nxd5 Qxd5
9.Nc4 Nf6 10.Ne3 Qa5+ 11.c3 Be6 12.Be2 g6 13.O-O Bg7 14.b4 Qd8 15.c4 O-O
16.Bf3 Ne8 17.d5 cxd5 18.cxd5 Bd7 19.Rc1 Nd6 20.Re1 Rc8 21.Ng4 Rxc1 22.Qxc1 Bxg4
23.Bxg4 h5 24.Bf3 a6 25.h3 Qd7 26.Be5 Rc8 27.Qd1 Bxe5 28.Rxe5 Rc7 29.Bxh5 Qc8
30.Qg4 Rc1+ 31.Kh2 Qxg4 32.Bxg4 f6 33.Re2 Rb1 34.a3 b5 35.Ra2 Rb3 36.Kg1 f5
37.Bf3 Rb1+ 38.Kh2 Kf7 39.h4 Kf6 40.Kg3 Rc1 41.Re2 Rc3 42.Re6+ Kf7 43.Kf4 Rxa3
44.Kg5 a5 45.Rxg6 axb4 46.h5 b3 47.h6 Ra8 48.Rg7+ Kf8 49.Kg6 Ra6 50.Kh7 Ke8
51.Bh5+ Kd7 52.Rg3 Ne4 53.Rxb3 Nf6+ 54.Kg6 Ng4+ 55.Kg7 Nxh6 56.Bg6 Ra2 57.Rf3 Kd6
58.Kxh6 Kxd5 59.Rxf5+ Kd6 60.Rxb5 Rxf2 61.g4 e5 62.g5 Rg2 63.Bh5  1-0

[Event "4NCL 2007-8"]
[Site "Wokefield Park ENG"]
[Date "2008.01.12"]
[Round "5"]
[White "Collins,S IRL"]
[Black "Coates,K"]
[Result "1-0"]
[WhiteElo "2394"]
[BlackElo "2242"]

1.e4 d5 2.exd5 Qxd5 3.Nc3 Qd6 4.d4 Nf6 5.Nf3 Bg4 6.Be2 a6 7.h3 Bh5 8.Be3 Nc6
9.Ne5 Bxe2 10.Qxe2 Nxe5 11.dxe5 Qxe5 12.O-O-O e6 13.Qf3 Bd6 14.Qxb7 O-O 15.Bd4 Qg5+
16.Kb1 Rab8 17.Qxa6 Rb4 18.a3 Rxd4 19.Rxd4 Qxg2 20.Rhd1 Qxf2 21.Nb5 Be5 22.Rd8 g5
23.a4 Rxd8 24.Rxd8+ Kg7 25.Qc6 Qe1+ 26.Ka2 Qb4 27.b3 Nd5 28.Rxd5 exd5 29.Qxd5 f6
30.Nxc7 Qc3 31.Ne6+ Kh6 32.Ka3 Qxc2 33.a5 Bc3 34.a6 Qe2 35.Qc4 Qb2+ 36.Ka4 Qa2+
37.Kb5 Qa5+ 38.Kc6 Be5 39.b4 Qa4+ 40.Kb6 Qd7 41.Qc6 Qe7 42.b5  1-0

[Event "Open A"]
[Site "Prague CZE"]
[Date "2008.01.15"]
[Round "6"]
[White "Zvara,P"]
[Black "Gross,G"]
[Result "1-0"]
[WhiteElo "2398"]
[BlackElo "2303"]

1.e4 d5 2.exd5 Qxd5 3.Nc3 Qd6 4.d4 Nf6 5.Nf3 a6 6.g3 Bf5 7.Bg2 Nc6 8.O-O e6
9.Bf4 Qb4 10.Bxc7 Rc8 11.Bf4 Qxb2 12.Na4 Qb4 13.c3 Qa5 14.c4 Nb4 15.Nc5 Bxc5
16.dxc5 O-O 17.Bd6 Rfd8 18.Nd4 Ne4 19.Bxe4 Bxe4 20.Qe1 Rxd6 21.cxd6 Qe5 22.Nf3  1-0

[Event "ch-Reykjavik"]
[Site "Reykjavik ISL"]
[Date "2008.01.16"]
[Round "5"]
[White "Kristinardottir,E"]
[Black "Petursson,Mat"]
[Result "1/2-1/2"]
[WhiteElo "1721"]
[BlackElo "1902"]

1.e4 d5 2.exd5 Qxd5 3.Nc3 Qd6 4.Bc4 Nf6 5.d3 a6 6.h3 b5 7.Qf3 Nc6 8.Ne4 Qe5
9.Bb3 e6 10.Ne2 Nxe4 11.Qxe4 Qxe4 12.dxe4 Na5 13.Bd2 Nxb3 14.axb3 Bb7 15.f3 Bc5
16.c4 Ba7 17.Bf4 Bb6 18.Nc3 O-O 19.Ke2 f6 20.Rhd1 Bc6  1/2-1/2

[Event "62nd ch-ARM w"]
[Site "Yerevan ARM"]
[Date "2008.01.17"]
[Round "5"]
[White "Andriasian,S"]
[Black "Aginian,N"]
[Result "1/2-1/2"]
[WhiteElo "2228"]
[BlackElo "2308"]

1.e4 d5 2.exd5 Qxd5 3.Nc3 Qd6 4.d4 Nf6 5.Nf3 c6 6.h3 Bf5 7.Ne5 Nbd7 8.Bf4 Nd5
9.Qd2 f6 10.Nxd7 Qxf4 11.Nxd5 Qxd2+ 12.Kxd2 Kxd7 13.Ne3 Bg6 14.Rd1 e6 15.Kc1 Bd6
16.Bc4 Bf4 17.Rhe1 Rae8 18.g3 Bd6 19.Bb3 h5 20.h4 b5 21.c4 Be4 22.Nc2 Bf5
23.Ne3 Be4 24.Nc2 Bg6 25.Ne3 Re7 26.Ng2 a5 27.a4 bxc4 28.Bxc4 Rb8 29.Nf4 Bf5
30.Nd3 Bxd3 31.Rxd3 Rb4 32.b3 Rb8 33.Kc2 Bb4 34.Re2 Kd6 35.Rde3 Rbe8 36.Bd3 e5
37.dxe5+ Rxe5 38.Rxe5  1/2-1/2

[Event "62nd ch-ARM w"]
[Site "Yerevan ARM"]
[Date "2008.01.18"]
[Round "6"]
[White "Aghabekian,L"]
[Black "Aginian,N"]
[Result "1/2-1/2"]
[WhiteElo "2191"]
[BlackElo "2308"]

1.e4 d5 2.exd5 Qxd5 3.Nc3 Qd6 4.d4 Nf6 5.Nf3 c6 6.g3 Bg4 7.Bg2 Nbd7 8.O-O e6
9.Bf4 Qb4 10.Qd2 Be7 11.Ne5 Nxe5 12.dxe5 Rd8 13.Qc1 Nd5 14.Nxd5 cxd5 15.c3 Qc5
16.Bg5 O-O 17.Bxe7 Qxe7 18.Qe3 b6 19.Rfe1 Qc5 20.Qf4 Bh5 21.Qh4 Bg6 22.Rad1 Qc4
23.Qxc4 dxc4 24.f3 Bc2 25.Rxd8 Rxd8 26.Bf1 b5 27.Kf2 Kf8 28.Ke3 Ke7 29.Rc1 Bd3
30.Be2 Bxe2 31.Kxe2 Rd5 32.f4 f6 33.exf6+ Kxf6 34.Rc2 Kf5 35.Kf2 g5 36.fxg5 Kxg5
37.Re2 Kf5 38.Kf3 Rd3+ 39.Re3 Rd2 40.g4+ Kf6 41.Re2 Rd3+  1/2-1/2

[Event "ch-Kyiv Men"]
[Site "Kyiv UKR"]
[Date "2008.01.20"]
[Round "2"]
[White "Leshchenko,V"]
[Black "Kernazhitsky,L"]
[Result "0-1"]
[WhiteElo "2167"]
[BlackElo "2338"]

1.e4 d5 2.exd5 Qxd5 3.Nc3 Qd6 4.Nf3 Nf6 5.Bc4 Bg4 6.O-O Nc6 7.Be2 a6 8.d3 e5
9.Re1 Be7 10.Bg5 Be6 11.Qd2 h6 12.Bh4 Nd5 13.Ne4 Qd8 14.Bxe7 Qxe7 15.d4 f5
16.Nc5 O-O-O 17.Nxe6 Qxe6 18.c4 Nf4 19.d5 Qg6 20.Bf1 Rhe8 21.Qe3 Nh3+ 22.Kh1 f4
23.Qe2 Nd4 24.Nxd4 exd4 25.Qf3 Ng5 26.Qxf4 c5 27.h4 Ne4 28.g3 Nd6 29.Bh3+ Kc7
30.b4 Re4 31.Rxe4 Qxe4+ 32.Qxe4 Nxe4 33.Kg2 cxb4 34.Rd1 Kb6 35.Rxd4 Nd6 36.Be6 Re8
37.g4 Kc5 38.Rf4 a5 39.g5 hxg5 40.hxg5 Re7 41.g6 Nxc4 42.Rf7 Kd6 43.Rf8 a4
44.Rd8+ Ke5 45.Bf7 b5 46.Kg3 b3 47.axb3 axb3 48.d6 Ra7 49.d7 Kd4 50.Be6 b2
51.Rb8 b1=Q 52.d8=Q+ Kc3 53.Bf7 Qg1+ 54.Kh3 Qxf2 55.Rxb5 Qf3+ 56.Kh4 Qf4+
57.Kh5 Ra2 58.Rb3+ Kxb3 59.Qd3+ Kb4 60.Qb1+ Rb2 61.Qe1+ Kc5 62.Qe7+ Qd6 63.Qa7+ Rb6
64.Qa2 Qd1+ 65.Kh4 Qd4+ 66.Kh5 Qe5+ 67.Kh4 Qf4+ 68.Kh5 Qf5+ 69.Kh4 Qe4+ 70.Kh5 Rb5
71.Be8 Qxe8  0-1

[Event "Open"]
[Site "Marianske Lazne CZE"]
[Date "2008.01.21"]
[Round "3"]
[White "Khamidov,K"]
[Black "Krumm,J"]
[Result "1-0"]
[WhiteElo "1819"]
[BlackElo "2089"]

1.e4 d5 2.exd5 Qxd5 3.Nc3 Qd6 4.d4 Nf6 5.Nf3 a6 6.Bc4 Bg4 7.h3 Bxf3 8.Qxf3 Nc6
9.Be3 e6 10.O-O Be7 11.Rad1 O-O 12.Bb3 Na5 13.Bf4 Qd8 14.d5 Nxb3 15.axb3 exd5
16.Nxd5 Nxd5 17.Rxd5 Qc8 18.Qg3 c6 19.Bh6 Bf6 20.Bxg7 Bxg7 21.Rg5 Qe6 22.Rxg7+ Kh8
23.Qc3 f6 24.Rxb7 Rg8 25.Re1 Qf5 26.Ree7 Raf8 27.Qd3  1-0

[Event "Open"]
[Site "Marianske Lazne CZE"]
[Date "2008.01.21"]
[Round "3"]
[White "Wieczorek,O"]
[Black "Kulicov,O"]
[Result "0-1"]
[WhiteElo "2204"]
[BlackElo "2405"]

1.e4 d5 2.exd5 Qxd5 3.Nc3 Qd6 4.d4 Nf6 5.Nf3 c6 6.h3 Bf5 7.Bd3 Bxd3 8.Qxd3 Nbd7
9.Ne4 Nxe4 10.Qxe4 Qg6 11.Qxg6 hxg6 12.Bf4 e6 13.O-O-O Be7 14.Rhe1 Nb6 15.Be5 Bf6
16.Re4 Ke7 17.Rd3 Rhd8 18.Rb3 Rd7 19.g4 Rad8 20.g5 Bxe5 21.Nxe5 Rxd4 22.Rxd4 Rxd4
23.Rf3 Re4 24.Nxf7 Nc4 25.c3 Re2 26.b3 Ne5 27.Nxe5 Rxe5 28.h4 Re2 29.a4 a5
30.c4 b6 31.Kd1 Re4 32.Rh3 Kd6 33.Kd2 Rg4 34.Rd3+ Ke7 35.Rh3 Kd6 36.Rd3+ Ke7
37.Rh3 e5 38.Ke3 Ke6 39.Rh1 Kd6 40.Rd1+ Ke7 41.Rh1 Ke6 42.f3 Rg2 43.Rd1 Rb2
44.Rd3 Kf5 45.Rc3 Rh2 46.Rd3 c5 47.Rc3 Rxh4 48.Rd3 Rh1 49.Rc3 Rb1 50.Rd3 Kxg5
51.Rc3 Rd1 52.Ke2 Kf4  0-1

[Event "Open"]
[Site "Marianske Lazne CZE"]
[Date "2008.01.23"]
[Round "6"]
[White "Haug,M"]
[Black "Wagner,N"]
[Result "1-0"]
[WhiteElo "1753"]
[BlackElo "2131"]

1.e4 d5 2.exd5 Qxd5 3.Nc3 Qd8 4.d4 Nf6 5.Nf3 Bf5 6.Bf4 c6 7.Bc4 e6 8.O-O Bd6
9.Bxd6 Qxd6 10.Bd3 Bg4 11.Ne4 Qc7 12.h3 Bh5 13.Ng3 Bg6 14.Re1 Nbd7 15.c3 Bxd3
16.Qxd3 O-O-O 17.Qc2 h6 18.b4 g5 19.a4 Rdg8 20.Ne5 Rg7 21.b5 c5 22.a5 cxd4
23.Nxd7 Nxd7 24.Qd3 dxc3 25.Ra3 Kb8 26.a6 f6 27.Rxc3 Qb6 28.Rec1 Ka8 29.Qxd7  1-0

[Event "6th Gibtelecom Masters"]
[Site "Gibraltar ENG"]
[Date "2008.01.24"]
[Round "3"]
[White "Langer,M USA"]
[Black "Hughes,Ro"]
[Result "1-0"]
[WhiteElo "2314"]
[BlackElo "2051"]

1.e4 d5 2.exd5 Qxd5 3.Nc3 Qd6 4.d4 Nf6 5.Nf3 a6 6.g3 b5 7.Bg2 Bb7 8.O-O e6
9.Bf4 Qb6 10.a4 Bd6 11.Be5 Nbd7 12.Qe2 b4 13.a5 Qa7 14.Na4 O-O 15.Rfe1 Rac8
16.c4 bxc3 17.bxc3 Ng4 18.Rab1 Bc6 19.Bxd6 cxd6 20.Nb6 Rb8 21.d5 exd5 22.Nd4 Nge5
23.f4 Nxb6 24.axb6 Rxb6 25.fxe5 Rxb1 26.Rxb1 Re8 27.Qf2 Bd7 28.Bxd5  1-0

[Event "Winter Open"]
[Site "Belgrade SRB"]
[Date "2008.01.25"]
[Round "4"]
[White "Mihajlovic,M"]
[Black "Prelevic,D"]
[Result "1/2-1/2"]
[WhiteElo "2220"]
[BlackElo "2354"]

1.e4 d5 2.exd5 Qxd5 3.Nc3 Qd6 4.d4 Nf6 5.g3 Bg4 6.Be2 Bxe2 7.Ngxe2 e6 8.O-O Be7
9.a4 a5 10.Bg5 Nbd7 11.Nb5 Qb6 12.Bf4 Nd5 13.c4 Nxf4 14.Nxf4 c6 15.c5 Qd8
16.Nc3 O-O 17.Re1 b6 18.cxb6 Qxb6 19.Qe2 Nf6 20.Qc4 Bb4 21.Rad1 Rfd8 22.Re3 Rab8
23.Nce2 Ng4 24.Rxe6 fxe6 25.Qxe6+ Kh8 26.Qxg4 Bf8 27.Rc1 Qxb2 28.Ng6+  1/2-1/2

[Event "6th ch-PriFO Men"]
[Site "Kazan RUS"]
[Date "2008.01.25"]
[Round "3"]
[White "Gorozhankina,J"]
[Black "Orekhov,V"]
[Result "1-0"]
[WhiteElo "2037"]
[BlackElo "2263"]

1.e4 d5 2.exd5 Qxd5 3.Nc3 Qd8 4.d4 Nf6 5.Nf3 a6 6.a4 g6 7.Bc4 Bg7 8.O-O O-O
9.h3 Nc6 10.Re1 Bf5 11.Bf4 Nb4 12.Bb3 c6 13.Qe2 Re8 14.Bg5 Nbd5 15.Ne5 Rf8
16.Nf3 Re8 17.Ne5 Be6 18.Qf3 Nc7 19.Ne2 Bd5 20.Qe3 Ne6 21.c4 Nxg5 22.cxd5 Nxd5
23.Qxg5 f6 24.Nxc6 bxc6 25.Qc1 Rb8 26.Ra3 Qb6 27.a5 Qb4 28.Rd1 Rec8 29.Nf4 Kh8
30.Ne6 Qd6 31.Nc5 Nb4 32.Qc4 f5 33.Ra4 Nd5 34.Nxa6 Ra8 35.Nc5 e5 36.dxe5 Qxe5
37.Nd3 Qe2 38.Re1 Qd2 39.Qc2 Qg5 40.Qe2 Qd8 41.Nc5 Qd6 42.Qc2 Re8 43.Rd1 Qf6
44.Bxd5 cxd5 45.b4 d4 46.a6 Qb6 47.Qd3 Qa7 48.Qb5 Re7 49.Nd3 Rc8 50.Qa5 Rb8
51.Qc5 Bf8 52.Qxa7 Rxa7 53.Rb1 Rb5 54.Kf1 Bd6 55.Ke2 g5 56.Kd2 h5 57.Nc1 Bf4+
58.Kd3 Bxc1 59.Rxc1 Rb6 60.Rca1  1-0